Boletin Informativo de la SAP (Registro nro. 1304)

Detalles MARC
000 -LEADER
fixed length control field 00401nas a22001337a 4500
008 - CAMPO DE CONTROL RECURSOS CONTINUADOS
fixed length control field 130409t20019999ag ||||| |||| 00| 0 spa d
245 ## - TITULO
Titulo Boletin Informativo de la SAP
260 ## - PUBLICACION, DISTRIBUCION, ETC. (PIE DE IMPRENTA)
Lugar de publicación, distribución, etc Buenos Aires,
Nombre de la editorial, distribuidor, etc. Sociedad Argentina de Pediatria:
Fecha de publicación 2001
300 ## - DESCRIPCION FISICA
Extensión v. :
546 ## - NOTA DE IDIOMA
Nota de lenguaje español
590 ## - NOTAS LOCALES (RLIN)
Nota local Existencias: 2001 28(3,4)<br/>BAJA DEPOSITO (CAJA 17) MAYO 2019
650 ## - MATERIA-TERMINO TEMATICO
Término temático PEDIATRIA
9 (RLIN) 1741
942 ## - ADDED ENTRY ELEMENTS (KOHA)
Source of classification or shelving scheme Dewey Decimal Classification
Item type Continuing Resources

No hay ítems disponibles.


UNIVERSIDAD NACIONAL DEL COMAHUE
Biblioteca de la Facultad de Ciencias Médicas
Sede Toschi: Los Arrayanes y Av. Toschi, Cipolletti  - Rio Negro
Sede Los Tordos:  Yrigoyen al 2211, Cipolletti - Rio Negro 

Teléfono: 0299 - 4774707 int 25
Contacto: biblioteca@facimed.uncoma.edu.ar
© 2011 - 2026